| 000 | 00703cam a22002533a 4500 | ||
|---|---|---|---|
| 999 |
_c3307 _d3307 |
||
| 005 | 20180427075106.0 | ||
| 008 | 980101s1998||||xxu|||||s|||||000 1 eng d | ||
| 040 |
_cAPEC Schools Library _erda |
||
| 041 | _aeng | ||
| 100 | 1 |
_aTarkington, Booth, _d1869-1946 |
|
| 245 | 1 | 0 |
_aPenrod and Sam / _cBooth Tarkington |
| 336 |
_2rdacontent _atext |
||
| 337 |
_2rdamedia _acomputer |
||
| 338 |
_2rdacarrier _aonline resource |
||
| 506 | _aPublic domain in the USA. | ||
| 516 | _aText | ||
| 653 | _aBoys -- Fiction | ||
| 653 | _aBildungsromans | ||
| 653 | _aHumorous stories | ||
| 653 | _aMiddle West -- Fiction | ||
| 653 | _aMale friendship -- Fiction | ||
| 655 | _aelectronic books | ||
| 856 | 4 | 0 | _uhttps://goo.gl/8Bgj6i |
| 942 |
_2ddc _cEBK |
||